Geografía de Estados Unidos. Verdadero o Falso #1 - Estadísticas

Estadísticas generales
  • Esta prueba ha sido intentada 98 veces
    80 desde el último reinicio
  • La puntuación promedio es 8 de 15
Estadísticas de respuestas
Pregunta Respuesta % Correcto
Colorado limita con Utah. Verdadero
88%
Hollywood es el nombre de una ciudad en California. Falso
81%
La mayor parte de la tierra en Nevada es propiedad del gobierno federal. Verdadero
77%
Oakland es un suburbio de Los Ángeles. Falso
73%
Indiana limita con uno de los Grandes Lagos. Verdadero
65%
St. Louis está al oeste del río Mississippi. Verdadero
65%
No hay volcanes activos en los EE.UU al este del río Misisipi. Verdadero
62%
El Gran Lago Salado es uno de los Grandes Lagos. Falso
58%
Detroit está en la frontera con Canadá. Verdadero
50%
Si navega hacia el este desde Boston, la primera tierra que tocará será Gran Bretaña. Falso
46%
Partes de Maine están más al norte que partes de Alaska. Falso
42%
Es posible ver territorio ruso desde los suburbios de Anchorage. Falso
31%
No hay desiertos en los EE.UU al este del río Misisipi. Verdadero
31%
Más de 1/3 de las personas en Luisiana hablan francés como primera lengua. Falso
23%
El estado de Nueva York tiene una población más alta que Florida. Falso
23%
No se encontraron pruebas coincidentes
Distribución de puntuación
Porcentaje de gente con cada puntuación
Porcentaje por número respondido
Historial de tus puntuaciones
No has intentado esta prueba desde el último reinicio